Fertrility and family planning / (Record no. 27836)

MARC details
000 -LEADER
fixed length control field 01092nam a22002657a 4500
005 - DATE AND TIME OF LATEST TRANSACTION
control field 20090624114752.0
008 - FIXED-LENGTH DATA ELEMENTS--GENERAL INFORMATION
fixed length control field 090624t xxu||||| |||| 00| 0 eng d
010 ## - LCCN (DPL NO)
LC control number ENG-94210
020 ## - INTERNATIONAL STANDARD BOOK NUMBER
International Standard Book Number 9788183563239
Terms of availability 500.00
035 ## - SYSTEM CONTROL NUMBER
System control number EN-77743
037 ## - SOURCE OF ACQUISITION
Source of stock number/acquisition DBAD / VEN
040 ## - CATALOGING SOURCE
Original cataloging agency dpl
Language of cataloging English
082 ## - DEWEY DECIMAL CLASSIFICATION NUMBER
Classification number 304.632
100 ## - MAIN ENTRY--PERSONAL NAME
Personal name Swarup, P.
245 ## - TITLE STATEMENT
Title Fertrility and family planning /
Statement of responsibility, etc by P. Swarup, B. Prabhakara Reddy [and] T. Lakshmamma
260 ## - PUBLICATION, DISTRIBUTION, ETC. (IMPRINT)
Place of publication, distribution, etc New Delhi
Name of publisher, distributor, etc Discovery Publishing House
Date of publication, distribution, etc 2009
270 ## - ADDRESS
Address 4831/24, Ansari Road, Prahlad Street, Darya Ganj,
City New Delhi
Postal code 110002
300 ## - PHYSICAL DESCRIPTION
Extent 168p.
Dimensions 22cm(Hb)
500 ## - GENERAL NOTE
General note Includes bibliographical references and index
700 ## - ADDED ENTRY--PERSONAL NAME
Personal name Reddy, B.P.
700 ## - ADDED ENTRY--PERSONAL NAME
Personal name Lakshmamma, T.
942 ## - ADDED ENTRY ELEMENTS (KOHA)
Source of classification or shelving scheme Dewey Decimal Classification
Item type English Books
Call number suffix SWA
Classification part 304.632
Holdings
Withdrawn status Lost status Source of classification or shelving scheme Damaged status Not for loan Collection code Home library Current library Date acquired Source of acquisition Cost, normal purchase price Total Checkouts Full call number Barcode Date last seen Copy number Cost, replacement price Koha item type
    Dewey Decimal Classification   Not For Loan Non-fiction D.B.Act.Division D.B.Act.Division 24/06/2009 DBAD / VEN 500.00   304.632 SWA EN-77743 24/06/2009 1 500.00 English Books

© Delhi Public Library
Hit Counter
free hit counter